[Event "Alushta"]
[White "Berkovich, Dmitry"]
[Black "Onischuk, Alexander"]
[Site "Alushta"]
[Round "1"]
[Result "1-0"]
[Date "1992.??.??"]
[WhiteElo "2445"]
[BlackElo "2375"]
[PlyCount "122"]
[EventDate "1992.??.??"]
[EventType "tourn"]
[EventRounds "10"]
[EventCountry "UKR"]
[EventCategory "8"]
[SourceTitle "EXT 1997"]
[Source "ChessBase"]
[SourceDate "1996.11.15"]
[SourceVersion "1"]
[SourceVersionDate "1996.11.15"]
[SourceQuality "1"]

1. d4 Nf6 2. c4 e6 3. Nc3 Bb4 4. Qc2 0-0 5. Nf3 d6 6. g3 Nc6 7. a3 Bxc3+ 8. Qxc3 e5 9. dxe5 dxe5 10. Bg2 Re8 11. Bg5 h6 12. Rd1 Qe7 13. Be3 Ng4 14. 0-0 Be6 15. Bc1 Qc5 16. Nd2 a5 17. b3 Nd4 18. Rde1 Bf5 19. e3 Nc6 20. Ne4 Bxe4 21. Bxe4 Nf6 22. Bg2 e4 23. f3 Rad8 24. fxe4 Ne5 25. Rd1 Rxd1 26. Rxd1 a4 27. bxa4 Qxc4 28. Qxc4 Nxc4 29. e5 Rxe5 30. Bxb7 Rc5 31. Bd2 Nxd2 32. Rxd2 Kf8 33. Kf2 Ke7 34. Ke2 c6 35. Rd4 Ne8 36. a5 Nd6 37. a6 Ra5 38. a4 Kd7 39. Kd3 Kc7 40. Kc3 Nxb7 41. axb7 Kxb7 42. Rd7+ Kb6 43. Rxf7 Rxa4 44. Rxg7 Kc5 45. h4 Kd5 46. Rg6 Ra3+ 47. Kd2 Ra2+ 48. Kd3 Rg2 49. e4+ Ke5 50. Ke3 c5 51. Kf3 Ra2 52. Rxh6 c4 53. Rc6 Kd4 54. h5 c3 55. h6 Rh2 56. Kf4 c2 57. Kg5 Kxe4 58. g4 Ke5 59. Kg6 Kd5 60. Rc8 Rh4 61. Rxc2 Rxg4+ 1-0

[Event "Alushta"]
[White "Berkovich, Dmitry"]
[Black "Saltaev, Mihail"]
[Site "Alushta"]
[Round "3"]
[Result "1-0"]
[Date "1992.??.??"]
[WhiteElo "2445"]
[BlackElo "2465"]
[PlyCount "65"]
[EventDate "1992.??.??"]
[EventType "tourn"]
[EventRounds "10"]
[EventCountry "UKR"]
[EventCategory "8"]
[SourceTitle "EXT 1997"]
[Source "ChessBase"]
[SourceDate "1996.11.15"]
[SourceVersion "1"]
[SourceVersionDate "1996.11.15"]
[SourceQuality "1"]

1. d4 Nf6 2. c4 d6 3. Nf3 Nbd7 4. Nc3 c6 5. Bg5 h6 6. Bh4 Qb6 7. Qd2 g5 8. Bg3 Bg7 9. e3 Nh5 10. Be2 Nxg3 11. hxg3 Nf6 12. 0-0-0 Qc7 13. Ne1 Bd7 14. f4 b5 15. Nc2 bxc4 16. fxg5 hxg5 17. e4 0-0-0 18. Bxc4 d5 19. Ba6+ Kb8 20. e5 Ng4 21. Na4 f6 22. Rxh8 Rxh8 23. Nc5 Bc8 24. Bxc8 Qxc8 25. Qa5 fxe5 26. Nb4 Ka8 27. Nba6 Qd8 28. Qxd8+ Rxd8 29. Rd3 exd4 30. Ne6 Kb7 31. Rb3+ Kxa6 32. Nc5+ Ka5 33. Rb7 1-0

[Event "Kobanya op"]
[White "Berkovich, Dmitry"]
[Black "Tangborn, Eric"]
[Site "Kobanya"]
[Round "6"]
[Result "1-0"]
[Date "1992.??.??"]
[WhiteElo "2455"]
[BlackElo "2355"]
[PlyCount "95"]
[EventDate "1992.??.??"]
[EventType "swiss"]
[EventRounds "11"]
[EventCountry "HUN"]
[SourceTitle "TD"]
[Source "ChessBase"]
[SourceDate "1994.03.01"]
[SourceVersion "1"]
[SourceVersionDate "1994.03.01"]
[SourceQuality "1"]

1. d4 Nf6 2. c4 e6 3. Nc3 Bb4 4. Qc2 0-0 5. e4 d5 6. e5 Ne4 7. Bd3 c5 8. a3 Bxc3+ 9. bxc3 cxd4 10. cxd4 Qa5+ 11. Kf1 f6 12. Nf3 Nc6 13. Rb1 fxe5 14. dxe5 Nd4 15. Qd1 Nxf3 16. gxf3 Nc5 17. Be2 Bd7 18. cxd5 exd5 19. Qxd5+ Kh8 20. Bd2 Bh3+ 21. Ke1 Qc7 22. Qd6 Qc8 23. Rg1 Qf5 24. Rb4 Ne6 25. Qd5 Rad8 26. Qe4 Rd7 27. Qxf5 Bxf5 28. Be3 Rc8 29. f4 Rc3 30. Bg4 g6 31. Bxf5 gxf5 32. a4 Rdc7 33. Ke2 R3c4 34. Rxc4 Rxc4 35. a5 Nxf4+ 36. Kd2 Ra4 37. Rb1 Ra2+ 38. Kc3 Nd5+ 39. Kd4 Nxe3 40. Kxe3 Rxa5 41. Kf4 Ra2 42. f3 b6 43. Kxf5 Rxh2 44. Rg1 a5 45. e6 Re2 46. Kf6 a4 47. Kf7 h6 48. e7 1-0

[Event "Podolsk"]
[White "Berkovich, Dmitry"]
[Black "Tiviakov, Sergei"]
[Site "Podolsk"]
[Round "?"]
[Result "0-1"]
[Date "1992.??.??"]
[WhiteElo "2445"]
[BlackElo "2585"]
[PlyCount "88"]
[EventDate "1992.12.??"]
[EventType "tourn"]
[EventRounds "11"]
[EventCountry "RUS"]
[EventCategory "11"]
[SourceTitle "CBM 033"]
[Source "ChessBase"]
[SourceDate "1993.04.01"]
[SourceVersion "1"]
[SourceVersionDate "1993.04.01"]
[SourceQuality "1"]

1. d4 Nf6 2. c4 e6 3. Nc3 Bb4 4. e3 0-0 5. Bd3 d5 6. Nge2 dxc4 7. Bxc4 e5 8. a3 Bd6 9. dxe5 Bxe5 10. Qc2 a6 11. f4 Bxc3+ 12. Nxc3 b5 13. Bd3 c5 14. a4 Nc6 15. Qd2 Na5 16. Bc2 b4 17. Nd1 Bb7 18. 0-0 Qxd2 19. Bxd2 Be4 20. Rc1 Rfd8 21. Nf2 Bxc2 22. Rxc2 Nb3 23. Rd1 Rd7 24. Kf1 Re8 25. g4 Ne4 26. Be1 Rxd1 27. Nxd1 Nf6 28. h3 Nd5 29. Kf2 a5 30. Kf3 Nb6 31. Nf2 Nxa4 32. Ne4 Nb6 33. Bf2 Rc8 34. Nd6 Rd8 35. Nf5 g6 36. Bh4 Rd2 37. Ne7+ Kg7 38. Rxd2 Nxd2+ 39. Ke2 Ne4 40. Kd3 Nd6 41. e4 c4+ 42. Kd4 c3 43. bxc3 b3 44. Kd3 Nxe4 0-1

[Event "Kobanya op"]
[White "Berkovich, Dmitry"]
[Black "Tregubov, Pavel V"]
[Site "Kobanya"]
[Round "8"]
[Result "1-0"]
[Date "1992.??.??"]
[WhiteElo "2455"]
[BlackElo "2385"]
[PlyCount "77"]
[EventDate "1992.??.??"]
[EventType "swiss"]
[EventRounds "11"]
[EventCountry "HUN"]
[SourceTitle "TD"]
[Source "ChessBase"]
[SourceDate "1994.03.01"]
[SourceVersion "1"]
[SourceVersionDate "1994.03.01"]
[SourceQuality "1"]

1. d4 Nf6 2. Nf3 e6 3. b3 c5 4. e3 g6 5. dxc5 Qa5+ 6. Nfd2 Bg7 7. Bb2 0-0 8. c3 Rd8 9. b4 Qc7 10. Na3 b6 11. Nb5 Qc6 12. Nd4 Qb7 13. cxb6 axb6 14. Be2 d5 15. 0-0 e5 16. N4f3 Qe7 17. Qb3 Nc6 18. Rfd1 Be6 19. a3 d4 20. c4 dxe3 21. Qxe3 Nd4 22. Nxe5 Nc2 23. Qf3 Nxa1 24. Nc6 Qc7 25. Be5 Bg4 26. Bxc7 Bxf3 27. Ne7+ Kf8 28. Bxf3 Kxe7 29. Bxa8 Rxa8 30. Rxa1 Ng4 31. Re1+ Kd7 32. Bxb6 Rxa3 33. h3 Ne5 34. b5 Nd3 35. Rb1 Rc3 36. Be3 f5 37. g3 Kc7 38. Rb3 Rc1+ 39. Nf1 1-0

[Event "Podolsk"]
[White "Dreev, Alexey"]
[Black "Berkovich, Dmitry"]
[Site "Podolsk"]
[Round "?"]
[Result "1-0"]
[Date "1992.??.??"]
[WhiteElo "2590"]
[BlackElo "2445"]
[PlyCount "77"]
[EventDate "1992.12.??"]
[EventType "tourn"]
[EventRounds "11"]
[EventCountry "RUS"]
[EventCategory "11"]
[SourceTitle "CBM 033"]
[Source "ChessBase"]
[SourceDate "1993.04.01"]
[SourceVersion "1"]
[SourceVersionDate "1993.04.01"]
[SourceQuality "1"]

1. d4 f5 2. g3 g6 3. Bg2 Bg7 4. Nf3 Nf6 5. b3 0-0 6. 0-0 c6 7. c4 Ne4 8. Bb2 d5 9. Nc3 Be6 10. Qc2 Kh8 11. a4 Nd7 12. a5 Rc8 13. Rfd1 Qe8 14. Rac1 dxc4 15. bxc4 Nd6 16. d5 Bg8 17. Qb3 Nc5 18. Qa2 b5 19. axb6 axb6 20. Na4 Nxa4 21. Bxg7+ Kxg7 22. Qxa4 cxd5 23. Qa1+ Rf6 24. cxd5 Rxc1 25. Qxc1 h6 26. Nd4 Qd7 27. Qb2 Ne8 28. Nc6 Nc7 29. Qe5 Kf8 30. Rd4 b5 31. h4 Qd6 32. Qe3 h5 33. Qh6+ Ke8 34. Qg7 Rf8 35. Ne5 Bf7 36. Rd3 Qf6 37. d6 Nd5 38. d7+ Kd8 39. Qxf8+ 1-0

[Event "Alushta"]
[White "Milov, Leonid"]
[Black "Berkovich, Dmitry"]
[Site "Alushta"]
[Round "6"]
[Result "1-0"]
[Date "1992.??.??"]
[WhiteElo "2400"]
[BlackElo "2445"]
[PlyCount "49"]
[EventDate "1992.??.??"]
[EventType "tourn"]
[EventRounds "10"]
[EventCountry "UKR"]
[EventCategory "8"]
[SourceTitle "EXT 1997"]
[Source "ChessBase"]
[SourceDate "1996.11.15"]
[SourceVersion "1"]
[SourceVersionDate "1996.11.15"]
[SourceQuality "1"]

1. e4 c5 2. Nf3 d6 3. d4 cxd4 4. Nxd4 Nf6 5. Nc3 a6 6. Bg5 e6 7. Qf3 Nbd7 8. 0-0-0 Qa5 9. h4 Be7 10. Be2 Nc5 11. g4 0-0 12. Qe3 Bd7 13. f4 Na4 14. Nxa4 Qxa4 15. Kb1 Rac8 16. c4 Kh8 17. e5 dxe5 18. fxe5 Ng8 19. Bd3 Rfd8 20. Qe4 g6 21. Bxe7 Nxe7 22. Qf4 Ng8 23. h5 Be8 24. hxg6 fxg6 25. Rxh7+ 1-0